Southville International School and Colleges
Your cart is empty.
  • Cart
  • Lists
    Public lists Eva Luna New books Lux_list list_1
    Your lists Log in to create your own lists
  • Log in to your account
  • Your cookies
  • Search history
Southville International School and Colleges
  • Advanced search
  • Recent comments
  • Most popular
  • Libraries

Log in to your account

Log in with GOOGLE


If you do not have an external account, but do have a local account, you can still log in:

  1. Home
  2. MARC view: Safety at home /
Normal view MARC view ISBD view

Safety at home / (Record no. 113851)

[ view plain ]
MARC details
000 -LEADER
fixed length control field 00545nam a2200193 a 4500
001 - CONTROL NUMBER
control field 2014
005 - DATE AND TIME OF LATEST TRANSACTION
control field 20140414132041.0
008 - FIXED-LENGTH DATA ELEMENTS--GENERAL INFORMATION
fixed length control field 050216s19uu xx 00 eng d
020 ## - INTERNATIONAL STANDARD BOOK NUMBER
International Standard Book Number 0-8136-2905-5
050 ## - LIBRARY OF CONGRESS CALL NUMBER
Classification number BB
Item number SA1 1992
100 ## - MAIN ENTRY--PERSONAL NAME
Personal name Jones, Anne
245 ## - TITLE STATEMENT
Title Safety at home /
Statement of responsibility, etc written by Anne Jones.
260 ## - PUBLICATION, DISTRIBUTION, ETC. (IMPRINT)
Place of publication, distribution, etc Cleveland, Ohio :
Name of publisher, distributor, etc Moder Curriculum Press,
Date of publication, distribution, etc 1992.
300 ## - PHYSICAL DESCRIPTION
Extent 16 p. : ill. ; cm.
440 ## - SERIES STATEMENT/ADDED ENTRY--TITLE
Title Concept Health
650 ## - SUBJECT ADDED ENTRY--TOPICAL TERM
Topical term or geographic name as entry element Health
General subdivision Juvenile literature.
650 ## - SUBJECT ADDED ENTRY--TOPICAL TERM
Topical term or geographic name as entry element Safety
General subdivision Juvenile literature.
Holdings
Withdrawn status Lost status Damaged status Use restrictions Home library Current library Shelving location Date acquired Source of acquisition Total Checkouts Full call number Barcode Date last seen Price effective from Koha item type
        Munich Library Munich Library Big Books Section 02/16/2005     BB SA1 1992 M5507 04/14/2014 04/14/2014 Books

Safety at home /

APA

Jones A., . (1992). Safety at home. Cleveland, Ohio: Moder Curriculum Press.

Chicago

Jones Anne, . 1992. Safety at home. Cleveland, Ohio: Moder Curriculum Press.

Harvard

Jones A., . (1992). Safety at home. Cleveland, Ohio: Moder Curriculum Press.

MLA

Jones Anne, . Safety at home. Cleveland, Ohio: Moder Curriculum Press. 1992.

  • Place hold
  • Print
  • Cite
  • Add to your cart (remove)
  • Save record
    BIBTEX Dublin Core MARCXML MARC (non-Unicode/MARC-8) MARC (Unicode/UTF-8) MARC (Unicode/UTF-8, Standard) MODS (XML) RIS
  • More searches
    Search for this title in:
    Other Libraries (WorldCat) Other Databases (Google Scholar) Online Stores (Bookfinder.com) Open Library (openlibrary.org)

Exporting to Dublin Core...

SOUTHVILLE LIBRARY

Southville International School and Colleges Library

1281 Tropical Ave. Cor. Luxembourg St., BF Homes International, Las Pinas City

Tel. No. 8256374 / 252358 Loc. 117/146

Powered by Koha